[Event "Reykjavik op"]
[Site "Reykjavik"]
[Date "2024.03.19"]
[Round "7"]
[White "Wong Godfrey, Emerson"]
[Black "Jaksland, Tim"]
[Result "1/2-1/2"]
[WhiteElo "1799"]
[BlackElo "2076"]
[PlyCount "112"]
[EventDate "2024.03.15"]
[EventType "swiss"]
[EventRounds "9"]
[EventCountry "ISL"]
[SourceTitle "CB13_2024"]
[SourceDate "2024.03.27"]
[SourceVersion "1"]
[SourceVersionDate "2024.03.27"]
[SourceQuality "1"]

1. e4 e5 2. Nf3 Nc6 3. Bc4 Nf6 4. d4 exd4 5. e5 d5 6. Bb5 Nd7 7. 0-0 Be7 8. Re1 0-0 9. Bxc6 bxc6 10. Nxd4 Nb8 11. f4 c5 12. Nb3 Nc6 13. Be3 d4 14. Bf2 a5 15. N1d2 a4 16. Nc1 Qd5 17. Ne2 f5 18. c4 Qe6 19. a3 Bb7 20. Qc2 Rfd8 21. Nc1 Qg6 22. Bg3 Qe6 23. Nd3 Rdb8 24. b3 Na5 25. b4 cxb4 26. axb4 Nb3 27. Nxb3 axb3 28. Rxa8 Bxa8 29. Qxb3 Bxb4 30. Ra1 c5 31. Nxb4 cxb4 32. Ra2 Be4 33. Bf2 d3 34. Bc5 Qc6 35. Bd6 Rc8 36. Qxb4 Qxc4 37. Qxc4+ Rxc4 38. Rd2 Kf7 39. Kf2 Ke6 40. Ke3 Kd5 41. g3 Rc1 42. Ba3 Rf1 43. Rf2 Re1+ 44. Kd2 Rb1 45. Ke3 g6 46. Rd2 h5 47. Kf2 Rb7 48. Ke3 Ra7 49. Bd6 h4 50. Rb2 hxg3 51. hxg3 Ra1 52. Be7 Rg1 53. Bh4 Rf1 54. Rf2 Rxf2 55. Kxf2 Kc4 56. Bd8 Kd5 1/2-1/2

[Event "Reykjavik op"]
[Site "Reykjavik"]
[Date "2024.03.18"]
[Round "5"]
[White "Wong Godfrey, Emerson"]
[Black "Belenkaya, Dina"]
[Result "1/2-1/2"]
[WhiteElo "1799"]
[BlackElo "2164"]
[PlyCount "111"]
[EventDate "2024.03.15"]
[EventType "swiss"]
[EventRounds "9"]
[EventCountry "ISL"]
[SourceTitle "CB13_2024"]
[SourceDate "2024.03.27"]
[SourceVersion "1"]
[SourceVersionDate "2024.03.27"]
[SourceQuality "1"]

1. e4 c6 2. d4 d5 3. Nc3 dxe4 4. Nxe4 Bf5 5. Ng3 Bg6 6. h4 h6 7. Nf3 e6 8. Bd3 Bxd3 9. Qxd3 Nf6 10. 0-0 Bd6 11. Ne4 Nxe4 12. Qxe4 Nd7 13. c4 Nf6 14. Qe2 Ng4 15. g3 Qa5 16. Nd2 Qh5 17. Ne4 0-0-0 18. f3 Nf6 19. Nxd6+ Rxd6 20. Qe5 Rdd8 21. Bf4 Qxe5 22. Bxe5 Rhg8 23. Rad1 h5 24. Kf2 Rd7 25. Rd2 Rgd8 26. Rfd1 Ne8 27. g4 c5 28. Ke3 f6 29. Bg3 hxg4 30. fxg4 cxd4+ 31. Rxd4 e5 32. Rxd7 Rxd7 33. Rxd7 Kxd7 34. Ke4 Ke6 35. c5 Nc7 36. h5 Nd5 37. a3 a6 38. Be1 Ne7 39. Bd2 Nc6 40. b4 Nd4 41. a4 f5+ 42. gxf5+ Nxf5 43. Be1 Nh6 44. b5 axb5 45. axb5 Nf7 46. Bh4 b6 47. cxb6 Nd6+ 48. Kd3 Kd7 49. Bf2 Ne8 50. Bg3 e4+ 51. Kd4 Kc8 52. Kc5 Kb7 53. Kd4 Nf6 54. Be5 Nxh5 55. Kxe4 Kxb6 56. Bxg7 1/2-1/2

[Event "Vancouver op"]
[Site "Chess.com INT"]
[Date "2020.07.25"]
[Round "?"]
[White "Wong Godfrey, Emerson"]
[Black "Vijayakumar, Advaith"]
[Result "0-1"]
[WhiteElo "1114"]
[BlackElo "2026"]
[PlyCount "126"]
[EventDate "2020.07.25"]
[EventType "swiss"]
[EventRounds "5"]
[EventCountry "USA"]
[SourceTitle "EXT 2023"]
[Source "ChessBase"]
[SourceDate "2022.10.05"]
[SourceVersion "1"]
[SourceVersionDate "2022.10.05"]
[SourceQuality "1"]

1. e4 c5 2. Nf3 Nc6 3. c3 Nf6 4. Qc2 g6 5. Bb5 Bg7 6. 0-0 0-0 7. d4 cxd4 8. cxd4 Qb6 9. Bxc6 bxc6 10. Be3 d5 11. exd5 cxd5 12. Nc3 Bf5 13. Qd2 Rab8 14. Na4 Qb5 15. b3 Ne4 16. Qc1 Rfc8 17. Qa3 e5 18. Rac1 Bf8 19. Rxc8 Bxc8 20. Qc1 Ba6 21. Rd1 Qe2 22. Qa1 exd4 23. Nxd4 Qh5 24. f3 Bd6 25. f4 Qh4 26. Nc6 Bxf4 27. Bxf4 Qxf4 28. Qd4 Re8 29. Nc5 Be2 30. Re1 Qg5 31. Nxe4 Rxe4 32. Qf2 Bf3 33. Rxe4 Bxe4 34. Nxa7 d4 35. Qe2 Qf4 36. g3 Qc1+ 37. Kf2 Qh1 38. Nb5 Qxh2+ 39. Ke1 Qxg3+ 40. Kd2 Qf4+ 41. Ke1 d3 42. Qd2 Qh4+ 43. Kf1 Qh1+ 44. Kf2 Qg2+ 45. Ke3 Qf3+ 46. Kd4 Qe2 47. Kc3 Qh5 48. Kb4 Qe5 49. a4 f5 50. a5 f4 51. Ka4 f3 52. Qe3 Qe8 53. a6 Bc6 54. Qxd3 Bxb5+ 55. Qxb5 Qxb5+ 56. Kxb5 f2 57. a7 f1Q+ 58. Kb6 Qf6+ 59. Kb7 Qf7+ 60. Ka6 Qe6+ 61. Kb7 Qxb3+ 62. Ka8 Qa3 63. Kb8 g5 0-1